Das Verhältnis von rechtlicher Freiheit und sittlicher Autonomie in Kants "Metaphysik der Sitten"

Guardado en:  
Detalles Bibliográficos
Otros Autores: Müller, Andreas (Otro)
Tipo de documento: Print Libro
Lenguaje:Alemán
Publicado: Frankfurt am Main [u.a.] Lang 1996
En: Rechtsphilosophische Schriften (4)
Año: 1996
Verificar disponibilidad: HBZ Gateway
Servicio de pedido Subito: Pedir ahora.
Palabras clave:

MARC

LEADER 00000cam a2200000 c 4500
001 212639145
003 DE-627
005 20260206194907.0
007 tu
008 960706s1996 gw ||||| m 00| ||ger c
010 |a  97125107  
015 |a 96,N29,0090  |2 dnb 
015 |a 97,A08,0150  |2 dnb 
016 7 |a 947341072  |2 DE-101 
020 |a 3631305273  |c  : ca. DM 65.00 (brosch., freier Pr.)  |9 3-631-30527-3 
035 |a (DE-627)212639145 
035 |a (DE-603)049411810 
035 |a (DE-576)05345457X 
035 |a (DE-599)GBV212639145 
035 |a (OCoLC)845196035 
035 |a (OCoLC)37428661 
040 |a DE-627  |b ger  |c DE-627  |e rakwb 
041 |a ger 
044 |c XA-DE  |c XA-CH  |c XD-US  |c XA-FR  |c XA-AT 
050 0 |a B2785.Z7 
082 0 |a 170  |q LOC  |2 21 
084 |a 10  |a 19  |2 sdnb 
084 |a 1  |2 ssgn 
084 |a PI 3580  |2 rvk  |0 (DE-625)rvk/136613: 
084 |a CF 5015  |2 rvk  |0 (DE-625)rvk/18105:11614 
084 |a PI 2670  |2 rvk  |0 (DE-625)rvk/136572: 
084 |a CF 5017  |2 rvk  |0 (DE-625)rvk/18105:11616 
084 |a 86.02  |2 bkl 
245 0 4 |a Das Verhältnis von rechtlicher Freiheit und sittlicher Autonomie in Kants "Metaphysik der Sitten"  |c Andreas Müller 
264 1 |a Frankfurt am Main [u.a.]  |b Lang  |c 1996 
300 |a 198 S  |c 21 cm 
336 |a Text  |b txt  |2 rdacontent 
337 |a ohne Hilfsmittel zu benutzen  |b n  |2 rdamedia 
338 |a Band  |b nc  |2 rdacarrier 
490 1 |a Rechtsphilosophische Schriften  |v 4 
502 |a Zugl.: Basel, Univ., Diss., 1995 
583 1 |a Archivierung prüfen  |c 20240324  |f DE-4165  |z 1  |2 pdager 
600 1 0 |a Kant, Immanuel  |d 1724-1804  |t Metaphysik der Sitten 
600 1 0 |a Kant, Immanuel  |d 1724-1804  |x Ethics 
650 0 |a Liberty  |x History  |y 18th century 
650 0 |a Law and ethics  |x History  |y 18th century 
650 0 7 |0 (DE-588)4015602-3  |0 (DE-627)106335987  |0 (DE-576)208912614  |a Ethik  |2 gnd 
655 7 |a Hochschulschrift  |0 (DE-588)4113937-9  |0 (DE-627)105825778  |0 (DE-576)209480580  |2 gnd-content 
689 0 0 |d u  |0 (DE-588)4099258-5  |0 (DE-627)105945722  |0 (DE-576)209350563  |a Kant, Immanuel  |d 1724-1804  |t Die Metaphysik der Sitten  |2 gnd 
689 0 1 |d s  |0 (DE-588)4018326-9  |0 (DE-627)106326430  |0 (DE-576)208923810  |a Freiheit  |2 gnd 
689 0 2 |d s  |0 (DE-588)4048737-4  |0 (DE-627)106189719  |0 (DE-576)20907907X  |a Recht  |2 gnd 
689 0 3 |d s  |0 (DE-588)4003974-2  |0 (DE-627)106388150  |0 (DE-576)208853375  |a Autonomie  |2 gnd 
689 0 4 |d s  |0 (DE-588)4245146-2  |0 (DE-627)104818298  |0 (DE-576)210469072  |a Sittlichkeit  |2 gnd 
689 0 |5 DE-101 
700 1 |a Müller, Andreas  |0 (DE-588)1055120521  |0 (DE-627)793221455  |0 (DE-576)411869310  |4 oth 
751 |a Basel  |0 (DE-588)4004617-5  |0 (DE-627)10638497X  |0 (DE-576)208856919  |4 uvp 
830 0 |a Rechtsphilosophische Schriften  |v 4  |9 4  |w (DE-627)373577117  |w (DE-576)040646904  |w (DE-600)2127092-2  |x 0945-1838  |7 am 
935 |a mteo 
935 |h HEB  |i 0501 
935 |h HEB  |i 0503 
936 r v |a PI 3580  |b Sittlichkeit, Ethik, Moral, Gewissen  |k Rechtswissenschaft  |k Allgemeine Rechtslehre und Rechtstheorie, Rechts- und Staatsphilosophie, Rechtssoziologie  |k Zweck und Ziel des Rechts, Wertlehre  |k Sittlichkeit, Ethik, Moral, Gewissen  |0 (DE-627)1271266296  |0 (DE-625)rvk/136613:  |0 (DE-576)201266296 
936 r v |a CF 5015  |b Kommentare zu einzelnen Werken  |k Philosophie  |k Geschichte der Philosophie  |k Geschichte der Philosophie des Abendlandes von Antike bis 20. Jahrhundert  |k Philosophie des 17. und 18. Jahrhunderts  |k Autoren  |k Autoren K  |k Kant, Immanuel  |k Kommentare zu einzelnen Werken  |0 (DE-627)1270818236  |0 (DE-625)rvk/18105:11614  |0 (DE-576)200818236 
936 r v |a PI 2670  |b Sekundärliteratur  |k Rechtswissenschaft  |k Allgemeine Rechtslehre und Rechtstheorie, Rechts- und Staatsphilosophie, Rechtssoziologie  |k Geschichte der Staats- und Rechtsphilosophie  |k Staats- und Rechtsphilosophie im 17./18. Jahrhundert  |k Sekundärliteratur  |0 (DE-627)1271265974  |0 (DE-625)rvk/136572:  |0 (DE-576)201265974 
936 r v |a CF 5017  |b Abhandlungen, Studien  |k Philosophie  |k Geschichte der Philosophie  |k Geschichte der Philosophie des Abendlandes von Antike bis 20. Jahrhundert  |k Philosophie des 17. und 18. Jahrhunderts  |k Autoren  |k Autoren K  |k Kant, Immanuel  |k Abhandlungen, Studien  |0 (DE-627)1270694766  |0 (DE-625)rvk/18105:11616  |0 (DE-576)200694766 
936 b k |a 86.02  |j Rechtsphilosophie  |0 (DE-627)181571986 
936 s n |a p100  |2 mzub 
936 s n |a c100  |2 mzub 
951 |a BO 
ELC |b 1 
LOK |0 000 xxxxxcx a22 zn 4500 
LOK |0 001 3134331500 
LOK |0 003 DE-627 
LOK |0 004 212639145 
LOK |0 005 20151116135832 
LOK |0 008 150728||||||||||||||||ger||||||| 
LOK |0 035   |a (DE-21-110)kd53386 
LOK |0 040   |a DE-21-110  |c DE-627  |d DE-21-110 
LOK |0 689   |a s  |a Rechtsphilosophie 
LOK |0 852   |z Kein Bestand am IfK; Nachweis für KrimDok 
LOK |0 852   |a DE-21-110 
LOK |0 852 1  |9 00 
LOK |0 935   |a k110 
LOK |0 939   |a 28-07-15  |b l01 
ORI |a SA-MARC-krimdoka001.raw